Day 'N' Nite (Nightmare) - Kid Cudi (Full lyrics) - Statistics

General Stats
  • This quiz has been taken 32 times
  • The average score is 277 of 410
Answer Stats
Lyrics % Correct
A
100%
a
100%
and
100%
Day
100%
day
100%
night
100%
night,
100%
to
100%
To
100%
at
96%
at,
96%
I
96%
mind,
96%
mind
96%
in
91%
my
91%
the
91%
The
91%
see,
83%
toss
83%
turn,
83%
he
74%
He
74%
his
74%
keep
74%
stress
74%
but
70%
lonely
70%
that
70%
free
65%
fast
61%
not
61%
peace,
61%
stoner
61%
stoner,
61%
then
61%
for
57%
look
57%
seem
57%
seems
57%
we
57%
all
52%
alone
52%
alone,
52%
'Cause
52%
He's
52%
he's
52%
I'm
52%
this
52%
through
52%
through,
52%
attain
48%
don't
48%
finish
48%
last,
48%
last
48%
run,
48%
try
48%
you
48%
change
43%
first
43%
game
43%
hear
43%
is
43%
loner
43%
me,
43%
me
43%
play,
43%
play
43%
silly
43%
surely
43%
think
43%
will
43%
can't
39%
keeps,
39%
keeps
39%
Madness,
39%
Now
39%
of,
39%
of
39%
on
39%
peep,
39%
peep
39%
she
39%
Solo
39%
won't
39%
attracting
35%
Dolo
35%
Hold
35%
It
35%
life
35%
mo'
35%
never
35%
new,
35%
new
35%
phone
35%
Slow
35%
some
35%
things
35%
alive
30%
away,
30%
creates
30%
man,
30%
Mr.
30%
nights
30%
Nikes
30%
pain
30%
shake
30%
They
30%
too
30%
up
30%
What
30%
When
30%
white
30%
are
26%
blue
26%
deep
26%
fade
26%
feeling
26%
girl
26%
had
26%
made,
26%
made
26%
magnet
26%
need
26%
search
26%
silent
26%
sleeper,
26%
super
26%
cool,
22%
cool
22%
feelings
22%
into
22%
move,
22%
slips
22%
smokes
22%
want
22%
way
22%
clip
17%
dreams
17%
him
17%
sees
17%
shade
17%
slows
17%
sun
17%
tempo
17%
though
17%
wants
17%
shining,
13%
Within
13%
No matching quizzes found
Score Distribution
Percent of People with Each Score
Percentile by Number Answered
Your Score History
You have not taken this quiz